Alcalá de Henares (Record no. 69612)

MARC details
000 -LEADER
campo de control de longitud fija 00571nam a2200169 i 4500
001 - NÚMERO DE CONTROL
campo de control 69612
003 - IDENTIFICADOR DE NÚMERO DE CONTROL
campo de control ES-MaACL
005 - FECHA Y HORA DE LA ÚLTIMA TRANSACCIÓN
campo de control 20230906170547.0
007 - CAMPO FIJO DE DESCRIPCIÓN FÍSICA--INFORMACIÓN GENERAL
campo de control de longitud fija t|
008 - DATOS DE LONGITUD FIJA--INFORMACIÓN GENERAL
campo de control de longitud fija 040708q1952 sp ||||1| spa d
100 1# - ENTRADA PRINCIPAL--NOMBRE DE PERSONA
Nombre de persona García Fernández, Jesús.
9 (RLIN) 54598
245 10 - MENCIÓN DEL TÍTULO
Título Alcalá de Henares
Resto del título : (estudios de geografía urbana) /
Mención de responsabilidad, etc. por Jesús García Fernández.
260 ## - PUBLICACIÓN, DISTRIBUCIÓN, ETC.
Lugar de publicación, distribución, etc. [S.l. :
Nombre del editor, distribuidor, etc. s.n.,
Fecha de publicación, distribución, etc. 1952?]
300 ## - DESCRIPCIÓN FÍSICA
Extensión 29 h., 11 lám. ;
Dimensiones 25 cm.
500 ## - NOTA GENERAL
Nota general Es separata de: Estudios geográficos, año XIII, nº 47 p. 299-355, año 1952.
852 ## - LOCALIZACIÓN
Ubicación ES-MaACL
Número de control de estantería D-8442
Sublocalización o colección R.32893
Holdings
Estatus retirado Estado de pérdida Estado de daño No para préstamo Biblioteca de origen Biblioteca actual Ubicación en estantería Fecha de adquisición Fuente de adquisición Total de préstamos Signatura topográfica completa Código de barras Visto por última vez Precio de reemplazo Tipo de ítem Koha
        Biblioteca del Ateneo de Madrid Biblioteca del Ateneo de Madrid Sala Valle Inclán 17/01/2008     D-8442 901072892 23/02/2023 23/02/2023 Libro impreso